Nesobstvennyje zadači linejnogo i vypuklogo programmirovanija

Salvato in:
Dettagli Bibliografici
Autore principale: Jeremin, Ivan Ivanovič
Altri autori: Mazurov, Vladimir Danilovič, Astaf'jev, Nikolaj Nikolajevič
Natura: Libro
Lingua:russo
Pubblicazione: Moskva Nauka 1983
Serie:Ekonomiko-matematičeskaja biblioteka
Tags: Aggiungi Tag
Nessun Tag, puoi essere il primo ad aggiungerne!!

MARC

LEADER 00000nam a2200000 4500
001 c114856
005 20041019155159.7
041 0 |a rus 
044 |a RU 
245 1 0 |a Nesobstvennyje zadači linejnogo i vypuklogo programmirovanija  |c Ivan Ivanovič Jeremin, Vladimir Danilovič Mazurov, Nikolaj Nikolajevič Astaf'jev 
264 1 |a Moskva  |b Nauka  |c 1983 
300 |a 335 s. 
490 1 |a Ekonomiko-matematičeskaja biblioteka 
830 0 |a Ekonomiko-matematičeskaja biblioteka 
100 1 |a Jeremin, Ivan Ivanovič 
700 1 |a Mazurov, Vladimir Danilovič 
700 1 |a Astaf'jev, Nikolaj Nikolajevič